| 000 | 00686nam a2200229Ia 4500 | ||
|---|---|---|---|
| 005 | 20250409162907.0 | ||
| 008 | 008 250409s9999 xx 000 0 eng d | ||
| 020 | _a9788131252314 | ||
| 037 | _aTextbook | ||
| 040 |
_aLCT _beng _cLCT |
||
| 041 |
_aeng _2eng |
||
| 084 |
_aZ,7,16 Q18.2 _qLCT |
||
| 100 | _aWadhwa, Anirudh | ||
| 245 | 0 |
_aLaw of Arbitration & Conciliation : Section 35 to End Vol.2 _cby Anirudh Wadhwa, Anirudh Krishnan |
|
| 250 | _a6th ed. | ||
| 260 |
_aGurgaon, Haryana _bLexisNexis _c2018 |
||
| 300 | _acxxxvii, 2430p. | ||
| 365 |
_aINR _b5696 (Set of 2 Vol) |
||
| 650 | _aLaw | ||
| 942 |
_cTB _hZ,7,16 Q18.2 |
||
| 999 |
_c1308842 _d1308842 |
||